30 biggest cities in Montana - Statistics

General Stats
  • This quiz has been taken 39 times
  • The average score is 14 of 30
Answer Stats
Population City % Correct
117,116 Billings
97%
53,293 Bozeman
97%
32,091 Helena
97%
73,489 Missoula
90%
60,442 Great Falls
83%
34,494 Butte
80%
24,558 Kalispell
70%
7,751 Whitefish
67%
9,421 Anaconda
63%
9,362 Havre
60%
8,354 Miles City
60%
10,460 Belgrade
53%
8,040 Livingston
43%
2,938 Deer Lodge
33%
3,202 Glasgow
33%
4,873 Glendive
33%
3,880 Dillon
30%
4,659 Hamilton
30%
2,257 Red Lodge
30%
5,308 Columbia Falls
27%
3,056 Cut Bank
23%
5,952 Lewistown
23%
5,148 Polson
23%
7,222 Laurel
20%
2,775 Libby
20%
6,346 Sidney
20%
3,169 Shelby
17%
2,517 Wolf Point
17%
3,818 Hardin
13%
2,318 Conrad
10%
No matching quizzes found
Score Distribution
Percent of People with Each Score
Percentile by Number Answered
Your Score History
You have not taken this quiz